000 00417nam a2200157Ia 4500
008 210210b1992 xxu||||| |||| 00| 0 eng d
020 _a81 85517 02 9
082 _a574.191 PALP
100 _aPALANICHAMY (S) & SHUNMUGAVELU (M).
245 _aPrinciples of biophysics.
260 _aPalani
_bPalani Paramount Publications
_c1992
300 _a158
650 _aBiophysics
690 _aBiophysics
906 _a047769
999 _c97133
_d97133